Palabras para crecer : libro de lectura y actividades :
Guardado en:
| Autor Principal: | |
|---|---|
| Otros Autores: | , , |
| Formato: | Libro |
| Publicado: |
Buenos Aires :
Grupo cinco editores,
1998.
|
| Materias: | |
| Etiquetas: |
Agregar Etiqueta
Sin Etiquetas, Sea el primero en etiquetar este registro!
|
| LEADER | 01069nam a22002535a 4500 | ||
|---|---|---|---|
| 001 | CEM.cems012541 | ||
| 005 | 20070424165150.0 | ||
| 008 | 130507s1998##################000#0#####d | ||
| 003 | CEMS | ||
| 020 | |a 9879655303 | ||
| 082 | 0 | 4 | |a 372.41 |
| 100 | 1 | |a Berenguer, Maryta | |
| 245 | 1 | 0 | |a Palabras para crecer : |b libro de lectura y actividades : |c Maryta Berenguer ; patricia Klin ; graciela Ostrovsky ; graciela Sverdlick. |
| 260 | |a Buenos Aires : |b Grupo cinco editores, |c 1998. | ||
| 300 | |a 190 p. | ||
| 505 | 0 | |a Palabras para volar / Maryta Berenguer -- Palabras para comunicarnos / Patricia Klin -- Palabras para conocer / Martín Arias -- Palabras para convivir / Graciela Sverdlick -- Palabras para explorar / Graciela Sverdlick ; Graciela Ostrovsky. | |
| 653 | |a Bibioteca maría de los Ángeles saggio | ||
| 653 | |a Educacion | ||
| 653 | |a Educación primaria | ||
| 653 | |a Lengua-2º egb . | ||
| 700 | 1 | |a Klin, Patricia | |
| 700 | 1 | |a Ostrovsky, Graciela | |
| 700 | 1 | |a Sverdlick, Graciela | |
| 859 | |a CEMS |b BIB. CEMS - 11 de abril |h 372.41 |i B425 |p 23827.07 |t Ej.1 |v 2º |3 2º | ||
